Systém prognózování ekonomického rozvoje VHJ a podniků

Gespeichert in:
Bibliographische Detailangaben
1. Verfasser: Saska, Josef
Format: Buch
Sprache:Tschechisch
Veröffentlicht: Praha Výzkumný ústav strojírenské technologie a ekonomiky 1974
Schriftenreihe:Knižnice VUSTE sv. 113
Tags: Tag hinzufügen
Keine Tags, Fügen Sie das erste Tag hinzu!

MARC

LEADER 00000nam a2200000 4500
001 0230112
005 20240822101706.0
041 0 |a cze 
044 |a CZ 
245 1 0 |a Systém prognózování ekonomického rozvoje VHJ a podniků  |c Josef Saska 
264 1 |a Praha  |b Výzkumný ústav strojírenské technologie a ekonomiky  |c 1974 
300 |a 183 s. 
490 1 |a Knižnice VUSTE  |v sv. 113 
830 0 |a Knižnice VUSTE  |v sv. 113 
100 1 |a Saska, Josef